000 00487nam a2200193 a 4500
001 1767512548490
003 ACL
005 20260104131434.0
008 260104s2008##################000#0#eng##
020 _a9781905410255
082 0 4 _a649.125
_bMAN
100 1 _aMann, Sandi,
_eauthor.
245 1 0 _aSurviving the Terrible Teens :
260 _bWhite Ladder Press,
_c2008.
300 _a184 pages
650 0 _aAdolescent psychology.
942 _cENGLISH
040 _aACL
_beng
_cACL
999 _c607164
_d607164